| 000 | 00684nam a22002297a 4500 | ||
|---|---|---|---|
| 005 | 20170124110021.0 | ||
| 010 | _aB-231043 | ||
| 020 | _c125.00 | ||
| 035 | _aB-231043 | ||
| 037 | _bCen Lib/Ret | ||
| 040 |
_aDPL _bEN |
||
| 082 |
_a615.53 _bSAH |
||
| 100 |
_aSaha, Kirit Kumar _919743 |
||
| 245 |
_aGlimpse on homeopathy and its practice / _cby Kirit Kumar Saha |
||
| 260 |
_aKolkata _bMukti Saha _c2005 |
||
| 270 |
_a49/C, Anath Nath Deb Lane _bKolkata _e700037 |
||
| 300 |
_axvii,240p. _c20cm(pbk) |
||
| 500 | _aIncludes bibliographical reference | ||
| 650 |
_aHomepathy _919744 |
||
| 650 |
_aAlternative medicine _919745 |
||
| 942 |
_2ddc _cEN _h615.53 _mSAH |
||
| 999 |
_c127195 _d127195 |
||